000 01147nam a2200277Ia 4500
008 130821s1978 ck gr spa
040 _aCo-BoUCM
_bspa
041 0 0 _aspa
092 _aFMR 0124
100 1 _aToro-Gonzalez, Gabriel
_989563
245 1 0 _aInfecciones del sistema nervioso central
_cGabriel Toro-González, Ignacio Vergara-García, Jaime Saravia-Gómez y Charles M. Poser
260 _aBogotá (Colombia)
_bFondo Educativo Interamericano
_c1978
300 _a[1 volumen]
490 0 _aCiencias de la salud de Fondo Educativo Interamericano
500 _aCon el apoyo de la Federación Panamericana de Asociaciones de Facultades (Escuelas) de Medicina - FEPAFEM.
500 _aLibro disponible en 48 horas a partir de la solicitud.
504 _aIncluye bibliografía e índice general.
650 0 4 _aEnfermedades del sistema nervioso
_914383
650 0 4 _aInfecciones
_917511
650 0 4 _aNeurología
_920299
650 0 4 _aSistema nervioso central
_924579
700 1 _aPoser, Charles M.
_9138486
700 1 _aSaravia-Gómez, Jaime
_9138487
700 1 _aVergara-García, Ignacio
_9138488
942 _cLIBRO
_a15
_e1
_n0
999 _c64700
_d64700